<?xml version="1.0" encoding="UTF-8"?><?xml-stylesheet type="text/xsl" href="static/style.xsl"?><OAI-PMH xmlns="http://www.openarchives.org/OAI/2.0/" xmlns:xsi="http://www.w3.org/2001/XMLSchema-instance" xsi:schemaLocation="http://www.openarchives.org/OAI/2.0/ http://www.openarchives.org/OAI/2.0/OAI-PMH.xsd"><responseDate>2026-04-13T20:18:04Z</responseDate><request verb="GetRecord" identifier="oai:www.recercat.cat:11351/13326" metadataPrefix="marc">https://recercat.cat/oai/request</request><GetRecord><record><header><identifier>oai:recercat.cat:11351/13326</identifier><datestamp>2025-07-02T04:24:23Z</datestamp><setSpec>com_2072_378070</setSpec><setSpec>com_2072_378040</setSpec><setSpec>col_2072_378092</setSpec></header><metadata><record xmlns="http://www.loc.gov/MARC21/slim" xmlns:dcterms="http://purl.org/dc/terms/" xmlns:xsi="http://www.w3.org/2001/XMLSchema-instance" xmlns:doc="http://www.lyncode.com/xoai" xsi:schemaLocation="http://www.loc.gov/MARC21/slim http://www.loc.gov/standards/marcxml/schema/MARC21slim.xsd">
   <leader>00925njm 22002777a 4500</leader>
   <datafield ind2=" " ind1=" " tag="042">
      <subfield code="a">dc</subfield>
   </datafield>
   <datafield ind2=" " ind1=" " tag="720">
      <subfield code="a">del Olmo-García, Maribel</subfield>
      <subfield code="e">author</subfield>
   </datafield>
   <datafield ind2=" " ind1=" " tag="720">
      <subfield code="a">Hernandez-Rienda, Lorena</subfield>
      <subfield code="e">author</subfield>
   </datafield>
   <datafield ind2=" " ind1=" " tag="720">
      <subfield code="a">Hernando, Jorge</subfield>
      <subfield code="e">author</subfield>
   </datafield>
   <datafield ind2=" " ind1=" " tag="720">
      <subfield code="a">Custodio, Ana</subfield>
      <subfield code="e">author</subfield>
   </datafield>
   <datafield ind2=" " ind1=" " tag="720">
      <subfield code="a">ANTON, BEATRIZ</subfield>
      <subfield code="e">author</subfield>
   </datafield>
   <datafield ind2=" " ind1=" " tag="720">
      <subfield code="a">Gomez-Muñoz, Marta</subfield>
      <subfield code="e">author</subfield>
   </datafield>
   <datafield ind2=" " ind1=" " tag="720">
      <subfield code="a">Garcia-Carbonero, Rocio</subfield>
      <subfield code="e">author</subfield>
   </datafield>
   <datafield ind2=" " ind1=" " tag="720">
      <subfield code="a">Capdevila Castillon, Jaume</subfield>
      <subfield code="e">author</subfield>
   </datafield>
   <datafield ind2=" " ind1=" " tag="260">
      <subfield code="c">2025-07-01T11:15:08Z</subfield>
   </datafield>
   <datafield ind2=" " ind1=" " tag="260">
      <subfield code="c">2025-07-01T11:15:08Z</subfield>
   </datafield>
   <datafield ind2=" " ind1=" " tag="260">
      <subfield code="c">2025-02</subfield>
   </datafield>
   <datafield ind2=" " ind1=" " tag="520">
      <subfield code="a">Malnutrition; Neuroendocrine neoplasms; Sarcopenia</subfield>
   </datafield>
   <datafield ind2=" " ind1=" " tag="520">
      <subfield code="a">Malnutrició; Neoplàsies neuroendocrines; Sarcopènia</subfield>
   </datafield>
   <datafield ind2=" " ind1=" " tag="520">
      <subfield code="a">Malnutrición; Neoplasias neuroendocrinas; Sarcopenia</subfield>
   </datafield>
   <datafield ind2=" " ind1=" " tag="520">
      <subfield code="a">Patients with advanced gastroenteropancreatic neuroendocrine neoplasms (GEP-NENs) have impaired nutritional and physical performance due to the cancer pathophysiology and its treatment. The NUTRIGETNE study sought to characterize the nutritional status of patients with advanced GEP-NENs in Spain. This is a cross-sectional study that included patients with advanced GEP-NENs receiving active oncological treatment. Patients had a complete physical examination, anthropometry, bioelectrical impedance, dynamometry, laboratory analysis, and a comprehensive nutritional risk assessment. Malnutrition was defined according to Global Leadership Initiative on Malnutrition (GLIM) criteria. The study included 399 patients out of the 400 planned (Pearson's χ2; α 0.05). Median age was 62 years (22-83). Tumors most commonly originated in the small intestine (43.9%) and the pancreas (41.6%), 94.7% were metastatic, and 36.7%, 49.4%, and 12.5% were G1, G2, and G3, respectively. Malnutrition prevalence was 61.9% (25.8% moderate; 36.1% severe), mainly due to low muscle mass (50.9%), which was the most prevalent GLIM phenotypic criteria. Moreover, malnutrition showed a correlation with decreased hand grip strength (mean 23 vs 31.9 kg; P &lt;.001) and phase angle (median 5o vs 5.6o; P &lt;.001). The prevalence of sarcopenia was 15%. Malnutrition was more frequent in patients with diabetes (74.4% vs 56.7%; P &lt;.001), NECs (82.1% vs 60.3%; P =.062), and in those treated with chemotherapy (71.2% vs 59.7%; P =.058), whereas it did not correlate with tumor origin (P =.507), histological grade (P =.781), or functionality (P =.465). Malnutrition was correlated to body mass index (BMI) (P =.015), although it was also diagnosed in a high proportion of patients with no weight loss (63%, 54.1%, and 65.1% of patients with normal BMI, overweight, and obesity, respectively). Cachexia was present in 109 (27.3%) patients. Malnutrition is very prevalent and commonly underdiagnosed in patients with GEP-NENs. It is associated with sarcopenia and a worse QoL, requiring a multifactorial nutritional assessment. Certain factors such as the presence of diabetes may require closer monitoring due to a higher risk of malnutrition.</subfield>
   </datafield>
   <datafield ind2=" " ind1=" " tag="520">
      <subfield code="a">This study was funded by GETNE with the collaboration of Ipsen and Vegenat. The funders had no role in the design and conduct of the study.</subfield>
   </datafield>
   <datafield ind1="8" ind2=" " tag="024">
      <subfield code="a">http://hdl.handle.net/11351/13326</subfield>
   </datafield>
   <datafield tag="653" ind2=" " ind1=" ">
      <subfield code="a">Desnutrició</subfield>
   </datafield>
   <datafield tag="653" ind2=" " ind1=" ">
      <subfield code="a">Alimentació - Avaluació</subfield>
   </datafield>
   <datafield tag="653" ind2=" " ind1=" ">
      <subfield code="a">Pacients - Satisfacció</subfield>
   </datafield>
   <datafield tag="653" ind2=" " ind1=" ">
      <subfield code="a">Pàncrees - Càncer</subfield>
   </datafield>
   <datafield tag="653" ind2=" " ind1=" ">
      <subfield code="a">Estómac - Càncer</subfield>
   </datafield>
   <datafield tag="653" ind2=" " ind1=" ">
      <subfield code="a">DISEASES::Neoplasms::Neoplasms by Site::Digestive System Neoplasms::Gastrointestinal Neoplasms::Stomach Neoplasms</subfield>
   </datafield>
   <datafield tag="653" ind2=" " ind1=" ">
      <subfield code="a">PHENOMENA AND PROCESSES::Physiological Phenomena::Diet, Food, and Nutrition::Nutritional Physiological Phenomena::Nutritional Status</subfield>
   </datafield>
   <datafield tag="653" ind2=" " ind1=" ">
      <subfield code="a">HEALTH CARE::Environment and Public Health::Public Health::Epidemiologic Measurements::Demography::Health Status::Quality of Life</subfield>
   </datafield>
   <datafield tag="653" ind2=" " ind1=" ">
      <subfield code="a">DISEASES::Neoplasms::Neoplasms by Site::Digestive System Neoplasms::Pancreatic Neoplasms</subfield>
   </datafield>
   <datafield tag="653" ind2=" " ind1=" ">
      <subfield code="a">DISEASES::Nutritional and Metabolic Diseases::Nutrition Disorders::Malnutrition</subfield>
   </datafield>
   <datafield tag="653" ind2=" " ind1=" ">
      <subfield code="a">ENFERMEDADES::neoplasias::neoplasias por localización::neoplasias del sistema digestivo::neoplasias gastrointestinales::neoplasias gástricas</subfield>
   </datafield>
   <datafield tag="653" ind2=" " ind1=" ">
      <subfield code="a">FENÓMENOS Y PROCESOS::fenómenos fisiológicos::dieta, alimentación y nutrición::fenómenos fisiológicos nutricionales::estado nutricional</subfield>
   </datafield>
   <datafield tag="653" ind2=" " ind1=" ">
      <subfield code="a">ATENCIÓN DE SALUD::ambiente y salud pública::salud pública::medidas epidemiológicas::demografía::estado de salud::calidad de vida</subfield>
   </datafield>
   <datafield tag="653" ind2=" " ind1=" ">
      <subfield code="a">ENFERMEDADES::neoplasias::neoplasias por localización::neoplasias del sistema digestivo::neoplasias pancreáticas</subfield>
   </datafield>
   <datafield tag="653" ind2=" " ind1=" ">
      <subfield code="a">ENFERMEDADES::enfermedades nutricionales y metabólicas::trastornos nutricionales::desnutrición</subfield>
   </datafield>
   <datafield ind2="0" ind1="0" tag="245">
      <subfield code="a">Nutritional status and quality of life of patients with advanced gastroenteropancreatic neuroendocrine neoplasms in Spain: the NUTRIGETNE (GETNE-S2109) study</subfield>
   </datafield>
</record></metadata></record></GetRecord></OAI-PMH>